LEADER 01076nam 2200361 450 001 9910138288503321 005 20221015133529.0 010 $a953-51-6764-2 035 $a(CKB)3230000000075352 035 $a(NjHacI)993230000000075352 035 $a(EXLCZ)993230000000075352 100 $a20221015d2012 uy 0 101 0 $aeng 135 $aur||||||||||| 181 $ctxt$2rdacontent 182 $cc$2rdamedia 183 $acr$2rdacarrier 200 00$aAdvanced Bariatric and Metabolic Surgery /$fChih-Kun Huang, editor 210 1$a[Place of publication not identified] :$cInTech,$d[2012] 210 4$dİ2012 215 $a1 online resource (338 pages) $cillustrations 311 $a953-307-926-6 320 $aIncludes bibliographical references and index. 606 $aObesity$xSurgery 615 0$aObesity$xSurgery. 676 $a617.43 702 $aHuang$b Chih-Kun 801 0$bNjHacI 801 1$bNjHacl 906 $aBOOK 912 $a9910138288503321 996 $aAdvanced Bariatric and Metabolic Surgery$91954068 997 $aUNINA LEADER 01070nas a2200265 i 4500 001 991001817559707536 005 20231109125415.0 008 120920c19579999it mx p 0 b0ita d 022 $a0021-2822 035 $ab14075398-39ule_inst 040 $aDi.S.Te.B.A.$beng 229 0 $aItalia nostra 245 10$aItalia nostra :$bbollettino dell' Associazione nazionale italiana per la tutela del patrimonio artistico e naturale 260 $aRoma :$bAssociazione nazionale Italia nostra,$c1957- 300 $a v. :$bill. ;$c24 cm 592 $aLE003 1983-1990; lac.: 1984-1985;1989-1990; 650 0$aHistoric sites$xConservation and restoration$zItaly$vPeriodicals 651 0$aItaly$xAntiquities$xConservation and restoration$vPeriodicals 770 0 $aQuaderni di Italia nostra 907 $a.b14075398$b28-01-14$c20-09-12 912 $a991001817559707536 945 $aLE003 (MAUS)$g1$lle003$og$pE0.00$q-$rn$s- $t18$u0$v0$w0$x0$y.i15442299$z20-09-12 996 $aItalia nostra$9240008 997 $aUNISALENTO 998 $ale003$b20-09-12$cs$da $e-$fita$git $h0$i0